| 000 | 01126nam a2200253 i 4500 | ||
|---|---|---|---|
| 001 | 98878 | ||
| 003 | ES-MaACL | ||
| 005 | 20250820095204.0 | ||
| 007 | t| | ||
| 008 | 051028s1768 sp ||||1| spa d | ||
| 245 | 0 | 0 | _aContinuacion del retrato de los Jesuitas formado al natural por los mas sabios, y mas ilustres catholicos, &c. |
| 250 | _a2ª imp. | ||
| 260 |
_aEn Madrid : _ben la Oficina de D. Gabriel Ramirez, _c1768. |
||
| 300 |
_a[2], 145-278, [4] p. ; _c21 cm. |
||
| 500 | _aEs continuación de Retrato de los jesuitas formado al natural por los mas sabios, y mas ilustres catholicos. | ||
| 530 | _aDisponible en formato digital. | ||
| 597 | _aSign.: Aa-Mm4, Nn6. | ||
| 597 | _aTexto con apostillas marginales. | ||
| 610 | 2 | 4 |
_aJesuitas- _xHistoria _95353 |
| 852 |
_aES-MaACL _jR-3362 _9102560 _dOlim: G-2645 _zCotejado con la relación de obras recuperadas expediente Robo _zCambio de signatura. Datos tomados del fichero topográfico R _pVol.2 |
||
| 856 |
_uhttp://bdh-rd.bne.es/viewer.vm?id=0000086255&page=1 _zBiblioteca Digital Hispánica |
||
| 942 | _2udc | ||
| 999 |
_c98878 _d98878 |
||